000 00535nam a2200193Ia 4500
008 131103s9999 xx 000 0 und d
020 _a192800264
040 _aLoreto College
041 _aEnglish
082 _aREF
_bLCBED/11786
245 4 _aThe concise oxford dictionary of quotations
_cEdited by Angela Partington
250 _a3rd. ed.
260 _aNew York
_bOxford university press
_c1994
300 _a581p.
_c 20cm.
650 _aDictionary
700 _aPartington, Angela; ed.
850 _aLCBED/REF
942 _cBK
999 _c34371
_d84850